00278nam a2200133Ia 45000030006000000080041000060400015000471000018000622450023000802600006001033000006001095460012001150050017001270STCL150530s9999 xx 000 0 und d aSTCLcSTCL aSaunder, D.S. aBiological Rhythms c0 a0 aEnglish20220125170438.0